| 000 | 00496nam a2200181 i 4500 | ||
|---|---|---|---|
| 001 | 190097 | ||
| 003 | ES-MaACL | ||
| 005 | 20250830111649.0 | ||
| 008 | 200728s1860 fr |||| | fre d | ||
| 080 | _a262.132 | ||
| 245 | 0 | 3 | _aLe Pape et le parti catholique. |
| 260 |
_aParis : _bE. Dentu, _c1860. |
||
| 300 |
_a31 p. ; _c22 cm. |
||
| 610 | 2 | 7 |
_aIglesia Católica- _zFrancia _2 _9159716 |
| 650 | 4 |
_aPapas- _xPoder temporal. _9153316 |
|
| 852 | 4 |
_aES-MaACL _jT-55-F-9 |
|
| 999 |
_c190097 _d190097 |
||